| 000 -LEADER |
| fixed length control field |
01229pab a2200169 454500 |
| 008 - FIXED-LENGTH DATA ELEMENTS--GENERAL INFORMATION |
| fixed length control field |
180718b1999 xxu||||| |||| 00| 0 eng d |
| 100 ## - MAIN ENTRY--PERSONAL NAME |
| Personal name |
Alozie, Nicholas O. |
| 245 ## - TITLE STATEMENT |
| Title |
A piece of the pie and more: competition and hispanic employment on urban police forces |
| 260 ## - PUBLICATION, DISTRIBUTION, ETC. |
| Date of publication, distribution, etc. |
1999 |
| 300 ## - PHYSICAL DESCRIPTION |
| Extent |
p.456-75 |
| 362 ## - DATES OF PUBLICATION AND/OR SEQUENTIAL DESIGNATION |
| Dates of publication and/or sequential designation |
Jan |
| 520 ## - SUMMARY, ETC. |
| Summary, etc. |
Further diversification of local police forces is essential in any systematic response to current difficulties in police-minority relations. The authors explore the relevance of out and intragroup competition on Hispanic employment - one dimension of police diversification. The results indicate that competition is relevant in any dialogue on evolving ethnically diverse police forces or on increasing the role of Hispanic women. Black employment casts a negative influence on Hispanic employment generally, and that negative influence extends to Hispanic males and females separately. Generally, white females compete with Hispanics, particularly in minority Hispanic cities. Within Hispanic groups, the successes of Hispanic males and Hispanic females are zero-sum. - Reproduced |
| 650 ## - SUBJECT ADDED ENTRY--TOPICAL TERM |
| Topical term or geographic name entry element |
Police |
| 700 ## - ADDED ENTRY--PERSONAL NAME |
| Personal name |
Ramirez, Enrique J. |
| 773 ## - HOST ITEM ENTRY |
| Main entry heading |
Urban Affairs Review |
| 909 ## - |
| -- |
40677 |